| 000 | 00498nam a2200193Ia 4500 | ||
|---|---|---|---|
| 999 |
_c3707 _d3707 |
||
| 020 | _a-6143 | ||
| 082 | _a321.8 BAR-S | ||
| 100 | _aBarber, Benjamin R. | ||
| 245 | 0 | _aStrong democracy: participatory politics for a new age | |
| 260 |
_aBerkeley _bUniversity of California Press _c1984 |
||
| 300 | _axxiv; 320p. | ||
| 504 | _aIncludes index | ||
| 650 | _aLiberalism | ||
| 650 | _aDemocracy | ||
| 650 | _aCommunity | ||
| 650 | _aCitizenship | ||
| 650 | _aPolitical participation | ||
| 942 | _cBK | ||